Przystanki linii autobusowej 136 we Wrocławiu - Statystyki

Ogólne statystyki
  • Ten quiz został rozwiązany 29 razy
  • Średni wynik to 21 z 32
Statystyki odpowiedzi
Przystanek % Poprawnych
Kozanów
96%
Tarnogaj
92%
FAT
88%
Górnicza
88%
Dokerska
83%
Gaj
83%
Metalowców
83%
Hallera
79%
Na Ostatnim Groszu
79%
Bulwar Dedala
71%
Hynka
71%
Ojca Beyzyma
71%
Świeradowska
71%
Aleja Pracy
67%
Gądowianka
67%
Wiśniowa
67%
Mielecka
63%
Orlińskiego
63%
Złotostocka
63%
Gajowicka
58%
Wrocławski Park Technologiczny
58%
Drzewieckiego
54%
Rękodzielnicza
54%
ROD Oświata
54%
Sudecka
54%
Szkocka
54%
Szybowcowa
54%
Działkowa
50%
ROD Bajki
50%
Morwowa
46%
Bystrzycka
38%
Spiska (Ośrodek Sportu)
33%
Nie znaleziono quizów pasujących do podanych kryteriów
Rozkład punktacji
Procent ludzi z każdym wynikiem
Percentyl według liczby udzielonych odpowiedzi
Twoja historia wyników
Nie rozwiązałeś tego quizu